Egypt /
محفوظ في:
المؤلف الرئيسي:
التنسيق: كتاب
اللغة: English
منشور في:
New Haven :
Human Relations Area Files,
1957.
سلاسل:
Country survey series.
الموضوعات:
الوسوم: إضافة وسم
لا توجد وسوم, كن أول من يضع وسما على هذه التسجيلة!
رقم الطلب: DT49 .H33 1957
| LEADER | 00852cam a2200265Ii 4500 | ||
|---|---|---|---|
| 001 | ocm00833008 | ||
| 003 | OSt | ||
| 005 | 20260324120532.0 | ||
| 008 | 740318s1957 nyuab b 001 0 eng | ||
| 010 | |a 57003681 | ||
| 040 | |c ARCE Library | ||
| 043 | |a f-ua--- | ||
| 050 | 4 | |a DT49 .H33 1957 | |
| 100 | 1 | |a Harris, George L., |q (George Lawrence), |d 1910-2011. | |
| 245 | 1 | 0 | |a Egypt / |c George L. Harris ... ed. Contributors: Moukhtar Ani [and others]. |
| 264 | 1 | |a New Haven : |b Human Relations Area Files, |c 1957. | |
| 300 | |a xii, 370 pages : |b illustrations, maps ; |c 23 cm. | ||
| 490 | 1 | |a Country survey series. | |
| 504 | |a Includes bibliographical references (pages 354-365) and index. | ||
| 651 | 0 | |a Egypt. | |
| 651 | 0 | |a Egypt |x Economic conditions. | |
| 830 | 0 | |a Country survey series. | |
| 901 | |a reviewed | ||
| 942 | |2 lcc |c BK | ||
| 999 | |c 55603 |d 55603 | ||
